Official IELTS practice materials / (Record no. 18324)
[ view plain ]
| 000 -LEADER | |
|---|---|
| fixed length control field | 01341nam a22003497a 4500 |
| 003 - CONTROL NUMBER IDENTIFIER | |
| control field | EG-ScBUE |
| 005 - DATE AND TIME OF LATEST TRANSACTION | |
| control field | 20220717110135.0 |
| 006 - FIXED-LENGTH DATA ELEMENTS--ADDITIONAL MATERIAL CHARACTERISTICS--GENERAL INFORMATION | |
| fixed length control field | m||||f ||z 00| 0 |
| 008 - FIXED-LENGTH DATA ELEMENTS--GENERAL INFORMATION | |
| fixed length control field | 140629s2010 enka f 000 0 eng d |
| 020 ## - INTERNATIONAL STANDARD BOOK NUMBER | |
| International Standard Book Number | 9781906438463 |
| 040 ## - CATALOGING SOURCE | |
| Original cataloging agency | EG-ScBUE |
| Language of cataloging | eng |
| Description conventions | rda |
| Transcribing agency | EG-ScBUE |
| Modifying agency | EG-ScBUE |
| 082 04 - DEWEY DECIMAL CLASSIFICATION NUMBER | |
| Edition number | 22 |
| Classification number | 428.0076 |
| Item number | OFF |
| 110 2# - MAIN ENTRY--CORPORATE NAME | |
| 9 (RLIN) | 36018 |
| Corporate name or jurisdiction name as entry element | University of Cambridge. |
| Subordinate unit | ESOL Examinations, |
| Relator term | author. |
| 245 10 - TITLE STATEMENT | |
| Title | Official IELTS practice materials / |
| Statement of responsibility, etc | ESOL Examinations, University of Cambridge, British Council, IELTS Australia. |
| 246 34 - VARYING FORM OF TITLE | |
| Title proper/short title | Official IELTS practice materials : |
| Remainder of title | updated March 2009 |
| 264 #1 - PUBLICATION, DISTRIBUTION, ETC. (IMPRINT) | |
| Place of publication, distribution, etc | Cambridge : |
| Name of publisher, distributor, etc | University of Cambridge, ESOL Examinations, |
| Date of publication, distribution, etc | 2010. |
| 300 ## - PHYSICAL DESCRIPTION | |
| Extent | 85 pages : |
| Other physical details | illustrations ; |
| Dimensions | 30 cm + |
| Accompanying material | 1 CD |
| 336 ## - CONTENT TYPE | |
| Source | rdacontent |
| Content type term | text |
| Content type code | txt |
| 336 ## - CONTENT TYPE | |
| Source | rdacontent |
| Content type term | sounds |
| Content type code | snd |
| 337 ## - MEDIA TYPE | |
| Source | rdamedia |
| Media type term | unmediated |
| Media type code | n |
| 337 ## - MEDIA TYPE | |
| Source | rdamedia |
| Media type term | audio |
| Media type code | s |
| 338 ## - CARRIER TYPE | |
| Source | rdacarrier |
| Carrier type term | volume |
| Carrier type code | nc |
| 338 ## - CARRIER TYPE | |
| Source | rdacarrier |
| Carrier type term | computer disc |
| Carrier type code | cd |
| 650 #7 - SUBJECT ADDED ENTRY--TOPICAL TERM | |
| 9 (RLIN) | 36012 |
| Topical term or geographic name as entry element | International English Language Testing System |
| Form subdivision | Study guides. |
| Source of heading or term | BUEsh |
| 650 #7 - SUBJECT ADDED ENTRY--TOPICAL TERM | |
| 9 (RLIN) | 9157 |
| Topical term or geographic name as entry element | English language |
| Form subdivision | Examinations, questions, etc. |
| Source of heading or term | BUEsh |
| 651 ## - SUBJECT ADDED ENTRY--GEOGRAPHIC NAME | |
| Source of heading or term | BUEsh |
| 653 ## - INDEX TERM--UNCONTROLLED | |
| Arrived date list | June2014 |
| Resource For college | Humanities: English |
| 655 ## - INDEX TERM--GENRE/FORM | |
| Form subdivision | Reading book |
| 9 (RLIN) | 34232 |
| 710 2# - ADDED ENTRY--CORPORATE NAME | |
| 9 (RLIN) | 7731 |
| Corporate name or jurisdiction name as entry element | British Council |
| 710 2# - ADDED ENTRY--CORPORATE NAME | |
| 9 (RLIN) | 7732 |
| Corporate name or jurisdiction name as entry element | IELTS Australia |
| 942 ## - ADDED ENTRY ELEMENTS (KOHA) | |
| Source of classification or shelving scheme | Dewey Decimal Classification |
| Call number prefix | 428.0076 OFF |
| Koha item type | Book - Borrowing |
| Withdrawn status | Lost status | Source of classification or shelving scheme | Damaged status | Not for loan | Collection code | Home library | Current library | Shelving location | Date acquired | Source of acquisition | Cost, normal purchase price | Serial Enumeration / chronology | Total Checkouts | Total Renewals | Full call number | Barcode | Date last seen | Date checked out | Cost, replacement price | Price effective from | Koha item type |
|---|---|---|---|---|---|---|---|---|---|---|---|---|---|---|---|---|---|---|---|---|---|
| Dewey Decimal Classification | Baccah | Central Library | Central Library | Second Floor | 29/06/2014 | Purchase | 180.00 | 19833 | 7 | 24 | 428.0076 OFF | 000036024 | 15/07/2025 | 18/03/2024 | 225.00 | 29/06/2014 | Book - Borrowing | ||||
| Dewey Decimal Classification | Baccah | Central Library | Central Library | Second Floor | 29/06/2014 | Purchase | 180.00 | 19833 | 2 | 13 | 428.0076 OFF | 000036025 | 24/08/2022 | 20/01/2021 | 225.00 | 29/06/2014 | CD | DVD - With book |